| 000 | 00615nam a2200193Ia 4500 | ||
|---|---|---|---|
| 008 | 090124s9999 xx 000 0 und d | ||
| 020 | _a978-81-7766-996-1 | ||
| 082 | _b47340 | ||
| 100 | _aवर्टीकर अर्चना | ||
| 245 | _a जळात सोडलेले दिवे | ||
| 250 | _a1 | ||
| 260 | _c2008 | ||
| 300 | _a109+01 | ||
| 600 | _aवर्टीकर अर्चना | ||
| 630 | _a जळात सोडलेले दिवे | ||
| 700 | _aवर्टीकर अर्चना | ||
| 730 | _a जळात सोडलेले दिवे | ||
| 942 | _cBOOK | ||
| 999 |
_c113565 _d113565 |
||